Kościół w Polsce. - Lublin : Red. Wydawnictw KUL [Rezension]

Titel: Kościół w Polsce. - Lublin : Red. Wydawnictw KUL [Rezension]
Verfasser:
In: Studia Pelplińskie, Band 34 (2003), Seite 445-446
alle Artikel anzeigen
Veröffentlicht: 2003 [2004]
Format: Aufsatz
Sprache: Polnisch
Kein Bild verfügbar
X
alg: 39476113
001A    $01999:12-11-16 
001B    $01999:03-08-21 $t21:01:33.000 
001D    $01999:12-11-16 
001U    $0utf8 
001X    $00 
002@    $0Aox 
003@    $0394761138 
007A    $0394761138 $aHEB 
007T    $0Herd81597 
010@    $apol 
011@    $a2003 $n2003 [2004] 
021A    $aKościół w Polsce. - Lublin : Red. Wydawnictw KUL [Rezension] 
028A    $7141317043 $8Szulist, Władysław$Z1936- [Tp3] $9223413828 
031A    $d34 $h445-446 $j2003 
039B    $aIn $8--Abvc--. Studia Pelplińskie. - Pelplin : Wydawnictwo "Bernardinum", 1969-. - ISSN 0239-4456 $x200300000340000555 $9047489731 
039T    $8--Acx--. Kościół w Polsce. - Lublin : Red. Wydawnictw KUL $939139262X 
045F    $a900.9438 $eDDC23BSB 
045F/01 $a900 
045F/03 $g438 
045T    $aOST $qDE-12 $2FID 
045T    $a1 

lok: 39476113 78

exp: 39476113 78 1 #EPN
201B/01 $018-11-16 $t12:38:46.000 
201U/01 $0utf8 
203@/01 $079105974X 
208@/01 $a12-11-16 $be 
209A/01 $a/ $f000 $x00 
220C/01 $aTitelaufnehmer: cs 
244Z/01 $2Trx $#Poola $#Lenkija $#Polija $#Polen Land $#Poland $#Lengyelország $#Poľsko $#Polsko $8--Trx--Polska$gkraj $x01 $9391345966 
244Z/01 $2Trx $#arvustused $#recenzijos $#Reviews $#recenziók $#recenzje $#recenzie $#recenze $8--Trx--Rezensionen $x02 $9391357441 
247C/01 $82080>Marburg/Lahn, Herder-Institut, Forschungsbibliothek, Bibliographieportal $9336309341
LEADER 00000caa a22000002c 4500
001 394761138
003 DE-603
005 20210803210133.0
007 tu
008 161112s2003 xx |||| | u00||u|pol c
035 |a (DE-599)HEB394761138 
040 |a DE-603  |b ger  |c DE-603  |d DE-603 
041 |a pol 
082 0 4 |8 1\u  |a 900.9438  |q DE-101  |2 23/BSB 
084 |a OST  |q DE-12  |2 fid 
084 |a 1  |2 ssgn 
085 |8 1\u  |b 900 
085 |8 1\u  |z 2  |s 438 
100 1 |a Szulist, Władysław  |d 1936-  |0 (DE-603)223413828  |0 (DE-588)141317043  |2 gnd 
245 0 0 |a Kościół w Polsce. - Lublin : Red. Wydawnictw KUL [Rezension] 
264 0 |c 2003 [2004] 
773 0 8 |i In  |t Studia Pelplińskie  |d Pelplin : Wydawnictwo "Bernardinum", 1969-  |x 0239-4456  |g Band 34 (2003), Seite 445-446  |w (DE-603)047489731  |w (DE-600)304909-7 
787 0 8 |i Rezension von  |t Kościół w Polsce  |d Lublin : Red. Wydawnictw KUL  |w (DE-603)39139262X 
924 0 |9 2080  |a (DE-603)79105974X  |b DE-2080  |c HES  |d d  |g /